000 00860cam a22002297a 4500
005 20160224092028.0
008 950725s1994 fr b i000 0 eng d
040 _aUkGUS
_cUkGUS
_dDLC
_dCO-BoIAVH
041 0 _aeng
044 _afr
082 0 4 _a630.0954
_bA31b
100 1 _aAlam, Ghayur
245 1 0 _aBiotechnology and sustainable agriculture :
_blessons from India /
_cGhayur Alam
260 _aParís (Francia) :
_bOrganisation for Economic Co-operation and Development,
_c1994.
300 _a88 páginas. ;
_c30 x 21 cm.
490 0 _aOECD technical papers ;
_v103
504 _aIncluye referencias bibliográficas (páginas 79-83).
650 6 _aAgricultura
_xBiotecnología
_zIndia.
650 6 _aAgricultura sostenible
_zIndia.
710 2 _aOrganisation for Economic Co-operation and Development.
942 _2ddc
_cLIBRO
999 _c1912
_d1912